00839 2200301 4500001002100000005001500021007000300036008004100039020001800080035002000098082000800118084001400126100001600140245006900156250001000225260003500235300003700270504003000307650001100337990001800348990001800366990001800384990002700402990002700429990002700456990002700483990002700510INLIS00000000000306720260529084257ta260529 0  a979-518-950-6 a0010-0321000030 a417 a417 ABD b0 aAbdul Chaer1 aBahasa Indonesia dalam Masyarakat Telaah Semantik /cAbdul Chaer acet.1 aJakarta :bRineka Cipta,c2006 axv, 140 hlm. :bilus. ;c20,5 cm aBibliografi, hlm 138-140 4aBahasa a13781/Br/2010 a13782/Br/2010 a13783/Br/2010 a3379/Br/Arpus-PDG/2007 a3380/Br/Arpus-PDG/2007 a3381/Br/Arpus-PDG/2007 a3382/Br/Arpus-PDG/2007 a3383/Br/Arpus-PDG/2007